000 00260nam a22000977a 4500
100 _aChand,Tek
_980145
245 _aIntellectual Directory Spoken English (usage & Practics)
260 _aDelhi
_bNavodya Sales
_c2018
650 _aSpoken Eng.
_980146
942 _cBK
999 _c63604
_d63604